000 00640nam a2200205 a 4500
008 980119s1973 m yxo 0 slo c
040 _aSNK
_bslo
_cSNK
_eAACR2
041 1 _aslo
_hrus
044 _axo
_cSK
100 1 _aMarx, Karl
_4aut
245 1 0 _aŽena a spoločnosť
_cKarl Marx, Friedrich Engels, Vladimir Iľjič Lenin ; zost. zborníka a autor predslovu V. L. Biľšaj
260 _aBratislava
_bPravda
_c1973
300 _a235 s.
_c
700 1 _aEngels, Friedrich
_4aut
700 1 _aLenin, Vladimir Iľjič
_4aut
700 1 _aBiľšaj, V. L.
_4com
_4aui
765 0 _t... O ženskom voprose...
020 _c12
958 _aA
999 _c15551
_d15551